000 00801cam a2200289 4500
008 090401t1993 xxu||||| |||| 00| 0 eng d
020 _a0117528641
035 _a(Sirsi) u70166
041 _aeng
050 _a306.2
100 _aGlennerster, Howard
245 _aEstate based housing management: an evaluation.
260 _aLondon
_bHMSO
_c1993
300 _axii,102p. ; 30cm.
350 _a12.5
650 _aCOUNCIL HOUSING
650 _aESTATE BASED HOUSING MANAGEMENT
650 _aHOUSING ESTATES
650 _aHOUSING MANAGEMENT
650 _aLOCAL AUTHORITIES
650 _aPRIORITY ESTATES PROJECT
690 _aBlock management
_96220
700 _aTurner, Tessa
710 _aUnited Kingdom
_bDepartment of the Environment
_9982
942 _n0
948 _c04/03/1997
999 _c95291
_d95291